000 00648nam a22002297a 4500
001 7692
003 FISKH
005 20250731110853.0
008 250731b cb ||||| |||| 00| 0 eng d
040 _aFISKH
_beng
_cFISKH
_dFISKH
050 _aPZ7
100 _aDeJong , Meindert
245 _aTornado! /
_cBy Meindert DeJong
260 _aChicago :
_bScience Research Associates, Inc.,
_c1970.
300 _a30 unnumbered pages :
_bcolor illustrations ;
_c21 cm .
505 _aK
521 8 _a510
_bLexile estimate
521 8 _aK
_bRaz-Plus
700 _aKamen, Gloria
_eIllustrator
942 _2ddc
_cBK
_n0
999 _c7692
_d7692